[Event "Under 1200 knightworm78 Invitational #1"]
[Site "SchemingMind.com"]
[Date "2020.06.30"]
[Round "-"]
[White "im_cincinnati_kid37"]
[Black "Brian Morris"]
[Result "0-1"]
[WhiteCountry "USA"]
[BlackCountry "WLS"]
[WhiteElo "1135"]
[WhiteRD "68"]
[BlackElo "1098"]
[BlackRD "89"]
[GameID "457163"]

1. e4 e5 2. Nf3 d6 3. d4 Qe7 4. Bd3 a6 5. d5 Nd7 6. Bg5 f6 7. Bd2 Nb6 8. Nc3 Bg4 9. Qe2 Qf7 10. b3 Be7
11. h3 Bh5 12. g4 Bg6 13. Be3 c5 14. dxc6 bxc6 15. Bxb6 Bd8 16. Bxd8 Rxd8 17. Bxa6 Ne7 18. Bc4 d5 19. exd5 cxd5 20. Bb5+ Kf8
21. Ng1 f5 22. gxf5 Bh5 23. Qd2 Qxf5 24. a3 d4 25. Na4 Nd5 26. Nc5 Nc7 27. Bd3 e4 28. Nxe4 Ne6 29. Ng3 Qe5+ 30. N1e2 Bf3
31. Rg1 Ng5 32. h4 Nh3 33. Rf1 Bg2 34. a4 Bxf1 35. Nxf1 Qf6 36. f4 Re8 37. Ng3 Qe6 38. Kf1 Qg4 39. Rd1 Qf3+ 40. Ke1 Qf2#
0-1

[Event "Under 1200 knightworm78 Invitational #1"]
[Site "SchemingMind.com"]
[Date "2020.07.04"]
[Round "-"]
[White "Brian Morris"]
[Black "im_cincinnati_kid37"]
[Result "1-0"]
[WhiteCountry "WLS"]
[BlackCountry "USA"]
[WhiteElo "1098"]
[WhiteRD "89"]
[BlackElo "1135"]
[BlackRD "68"]
[GameID "457164"]

1. d4 d5 2. Nc3 Nf6 3. h3 e6 4. Nf3 Bb4 5. a3 Bxc3+ 6. bxc3 Nc6 7. Bg5 Nb8 8. e3 Nbd7 9. c4 O-O 10. c5 c6
11. Bd3 g6 12. Bh6 Re8 13. Bg5 Qa5+ 14. Nd2 a6 15. O-O Qd8 16. Qf3 Kg7 17. Qf4 b5 18. Qh4 Rh8 19. Bh6+ Kg8 20. Nf3 Qc7
21. Ng5 Ne4 22. Nf3 f5 23. Qe7 Bb7 24. Qg7#
1-0

[Event "Under 1200 knightworm78 Invitational #1"]
[Site "SchemingMind.com"]
[Date "2020.06.30"]
[Round "-"]
[White "Bacon"]
[Black "Brian Morris"]
[Result "0-1"]
[WhiteCountry "BER"]
[BlackCountry "WLS"]
[WhiteElo "1011"]
[WhiteRD "74"]
[BlackElo "1098"]
[BlackRD "89"]
[GameID "457165"]

1. e4 e5 2. Nf3 d6 3. Nc3 c6 4. d4 Nd7 5. d5 Ne7 6. Ng5 h6 7. Qh5 Ng6 8. h4 Nf6 9. Qe2 hxg5 10. g3 gxh4
11. gxh4 Bg4 12. Qc4 Be7 13. Be2 Bxe2 14. Kxe2 Nf4+ 15. Bxf4 exf4 16. Kf3 Nh5 17. dxc6 Rc8 18. Kg4 Rxc6 19. Qb5 Nf6+ 20. Kxf4 Nh5+
21. Kf3 Qd7 22. Rac1 a6 23. Qd5 Nf6 24. Qa5 Qg4+ 25. Ke3 Bd8 26. Qb4 b6 27. Rcg1 Qh5 28. f4 g6 29. Rg5 Qh6 30. Na4 Qf8
31. e5 Nd5+ 32. Ke4 Nxb4 33. Rd1 d5+ 34. Kf3 Rxh4 35. Rd4 Qh6 36. Rxb4 Rh3+ 37. Rg3 Qh5+ 38. Kg2 Rh2+ 39. Kg1 Rh1+ 40. Kg2 Rxc2#
0-1

[Event "Under 1200 knightworm78 Invitational #1"]
[Site "SchemingMind.com"]
[Date "2020.07.04"]
[Round "-"]
[White "Brian Morris"]
[Black "Bacon"]
[Result "1-0"]
[WhiteCountry "WLS"]
[BlackCountry "BER"]
[WhiteElo "1068"]
[WhiteRD "117"]
[BlackElo "988"]
[BlackRD "75"]
[GameID "457166"]

1. d4 Nc6 2. Nf3 d6 3. e4 Nf6 4. Nc3 g6 5. Bc4 a6 6. Ng5 h6 7. Nxf7 Qd7 8. Nxh8 Bg7 9. a3 Bxh8 10. Bxh6 Ng4
11. O-O Bxd4 12. h3 Bxc3 13. bxc3 Na5 14. Qd4 Nxh6 15. Qh8+ Ng8 16. Qxg8#
1-0

[Event "Under 1200 knightworm78 Invitational #1"]
[Site "SchemingMind.com"]
[Date "2020.07.04"]
[Round "-"]
[White "nammy"]
[Black "Brian Morris"]
[Result "0-1"]
[WhiteCountry "ENG"]
[BlackCountry "WLS"]
[WhiteElo "806"]
[WhiteRD "70"]
[BlackElo "1068"]
[BlackRD "117"]
[GameID "457167"]

1. d4 d5 2. c3 Bf5 3. Nd2 Nf6 4. f3 e6 5. e3 a6 6. h3 b6 7. Ne2 Bd6 8. g3 Bd3 9. Bg2 Nh5 10. Ng1 Bxg3#
0-1

[Event "Under 1200 knightworm78 Invitational #1"]
[Site "SchemingMind.com"]
[Date "2020.06.29"]
[Round "-"]
[White "malcolm chugg"]
[Black "Brian Morris"]
[Result "1/2-1/2"]
[WhiteCountry "WLS"]
[BlackCountry "WLS"]
[WhiteElo "1213"]
[WhiteRD "50"]
[BlackElo "1098"]
[BlackRD "89"]
[GameID "457169"]

1. e3 d5 2. d4 c6 3. c3 e6 4. Nf3 Bd6 5. Nbd2 a6 6. Bd3 b5 7. Qc2 Nf6 8. h3 Qc7 9. e4 Nbd7 10. e5 Bxe5
11. dxe5 Nxe5 12. Be2 Nh5 13. g3 h6 14. O-O Nf6 15. Bd3 Nxf3+ 16. Nxf3 e5 17. Nd2 Bxh3 18. Re1 e4 19. Bf1 Bg4 20. Re3 O-O
21. Bg2 Qc8 22. Nf1 Bh3 23. Nh2 Bf5 24. Qe2 Qd7 25. f3 Rae8 26. g4 Be6 27. Bh3 g5 28. a4 Rb8 29. Qf2 c5 30. a5 d4
31. cxd4 cxd4 32. Re1 e3 33. Qg2 Nd5 34. Re2 Nf4 35. Qf1 Bc4 36. Qe1 Nxe2+ 37. Kg2 Nf4+ 38. Kg3 Ne2+ 39. Kg2 Nf4+ 40. Kg3 Ne2+
41. Kg2 Nf4+ 42. Kg1 Nxh3+ 43. Kg2 Nf4+=
1/2-1/2

[Event "Under 1200 knightworm78 Invitational #1"]
[Site "SchemingMind.com"]
[Date "2020.07.04"]
[Round "-"]
[White "Brian Morris"]
[Black "malcolm chugg"]
[Result "1/2-1/2"]
[WhiteCountry "WLS"]
[BlackCountry "WLS"]
[WhiteElo "1098"]
[WhiteRD "89"]
[BlackElo "1213"]
[BlackRD "50"]
[GameID "457170"]

1. e4 e5 2. Nf3 Nc6 3. a3 d6 4. Nc3 Be6 5. Bb5 Bd7 6. Be2 Be7 7. d3 Nd4 8. Be3 Bg4 9. Nxd4 Bxe2 10. Ndxe2 Nf6
11. Ng3 g6 12. Bh6 Qd7 13. f3 O-O-O 14. Be3 b6 15. Qd2 a5 16. d4 Kb7 17. a4 c6 18. d5 c5 19. Qd3 h5 20. Qb5 Ne8
21. Qc6+ Qxc6 22. dxc6+ Kxc6 23. Nb5 Ra8 24. b3 Bh4 25. Bf2 Bxg3 26. Bxg3 h4 27. Bf2 Nc7 28. Nc3 b5 29. h3 Rab8 30. O-O b4
31. Ne2 Rbd8 32. Be3 Rh5 33. Ng3 Rh7 34. Ne2 d5 35. Bg5 Rd7 36. Bf6 Kd6 37. Rad1 d4 38. f4 exf4 39. Nxf4 Ne8 40. e5+ Kc6
41. Bg5 Ng7 42. c4 bxc3 43. Rc1 Ne6 44. Nxe6 fxe6 45. Rf6 Rdg7 46. Rxe6+ Kd5 47. Ra6 Kxe5 48. Bd8 g5 49. Rxa5 Kd6 50. Ra6+ Kd5
51. Bf6 Rg6 52. Rf1 Rf7 53. Rf5+ Ke4 54. Re5+ Kd3 55. Bxg5 c4 56. Rxg6 Rh7 57. bxc4 c2 58. a5 Kc3 59. Re2 d3 60. Bd2+ Kxc4
61. Re1 Rc7 62. Rg4+ Kb5 63. Rg5+ Ka6 64. Rg6+ Kb7 65. a6+ Ka7 66. Rd6 Rh7 67. Rxd3 Rc7 68. Rc3 c1=Q 69. Bxc1 Rxc3 70. Bg5 Kxa6
71. Bxh4 Rc4 72. Bf6 Rc6 73. Be7 Rc7 74. Bd6 Rc6 75. Bh2 Kb7 76. Bf4 Rc4 77. g3 Rc6 78. Re7+ Kb6 79. Be3+ Ka6 80. Ra7+ Kb5
81. Rb7+ Kc4 82. Rb6 Rc7 83. Bf4 Rd7 84. Rb1 Rh7 85. h4 Rh5 86. Kg2 Kd3 87. Kh3 Ke4 88. Rf1=
1/2-1/2

[Event "Under 1200 knightworm78 Invitational #1"]
[Site "SchemingMind.com"]
[Date "2020.07.04"]
[Round "-"]
[White "Brian Morris"]
[Black "Chessibelle"]
[Result "0-1"]
[WhiteCountry "WLS"]
[BlackCountry "ENG"]
[WhiteElo "1098"]
[WhiteRD "89"]
[BlackElo "1074"]
[BlackRD "53"]
[GameID "457171"]

1. e4 e5 2. d4 Bd6 3. Nf3 Nf6 4. Bd3 O-O 5. d5 c6 6. dxc6 Nxc6 7. h3 a6 8. a3 g6 9. Bh6 Re8 10. Ng5 Re7
11. c3 b5 12. Nf3 Kh8 13. Bg5 Re8 14. c4 Be7 15. cxb5 axb5 16. Bxb5 Qa5+ 17. Bd2 Qxb5 18. Nc3 Qxb2 19. O-O Qb8 20. Rb1 Bb7
21. Ng5 Rf8 22. Be3 Bxa3 23. Nb5 Be7 24. Kh1 d6 25. f3 Nh5 26. Qe1 f6 27. Ne6 Rg8 28. g4 Ng7 29. Nec7 Ra4 30. f4 Nd8
31. Qd1 Bxe4+ 32. Kg1 Qb7 33. Ra1 Bh1 34. Kf2 Qg2+ 35. Ke1 Nc6 36. Rxa4 Qg3+ 37. Bf2 Qxh3 38. fxe5 Nxe5 39. Nd5 Nf3+ 40. Ke2 Ne5
41. Nxe7 Re8 42. Nd5 Bf3+ 43. Kd2 Bxd1 44. Ne3 Bxa4 45. Nc3 Bc6 46. Nc2 Qd3+ 47. Kc1 Qxf1+ 48. Kb2 Rb8+ 49. Nb4 Qxf2+ 50. Kb3 Qf4
0-1

[Event "Under 1200 knightworm78 Invitational #1"]
[Site "SchemingMind.com"]
[Date "2020.06.29"]
[Round "-"]
[White "Chessibelle"]
[Black "Brian Morris"]
[Result "1-0"]
[WhiteCountry "ENG"]
[BlackCountry "WLS"]
[WhiteElo "1074"]
[WhiteRD "53"]
[BlackElo "1098"]
[BlackRD "89"]
[GameID "457172"]

1. e4 e5 2. Nf3 d6 3. Nc3 c6 4. Be2 a6 5. O-O Bg4 6. d3 h6 7. Qd2 Nf6 8. b3 b5 9. Nd1 Be7 10. c4 O-O
11. Re1 Qb6 12. Ne3 g6 13. h3 Be6 14. g4 a5 15. Bb2 bxc4 16. Nxc4 Qc7 17. Qxh6 Nh7 18. Ncd2 f6 19. Qxg6+ Kh8 20. Qh5 Bf7
21. Qh6 Rg8 22. Qe3 Bf8 23. Nh4 Ng5 24. f4 Bh6 25. Nf5 Ne6 26. Nxh6 Na6 27. Nf3 Nxf4 28. Bf1 Nb4 29. Red1 Nc2 30. Qf2 Nxa1
31. Bxa1 Rg6 32. Qh4 Kg7 33. Nf5+ Kg8 34. d4 Be6 35. Nh6+ Kg7 36. Nh2 Rh8 37. Nf5+ Kg8 38. Qg3 d5 39. Bc3 Qh7 40. Nh4 Rh6
41. Be1 Rxh4 42. Kf2 Nxh3+ 43. Ke2 Qxe4+ 44. Kd2 Qxd4+ 45. Bd3 Qb2+ 46. Bc2 Qd4+ 47. Kc1 Qb4 48. Bxb4 Bc8 49. Nf3 R4h6 50. Bd2 Rh4
51. Qh2 R4h7 52. Qg3 Ba6 53. Bxa5 Be2 54. Rd2 e4 55. Nd4 Ba6 56. Qd6 Nf4 57. Qxf4 Rh1+ 58. Kb2 Bc8 59. Qxf6 Bxg4 60. Rg2 R8h6
61. Qd8+ Kg7 62. Rxg4+ Kh7 63. Qg8#
1-0

[Event "Under 1200 knightworm78 Invitational #1"]
[Site "SchemingMind.com"]
[Date "2020.07.04"]
[Round "-"]
[White "Henk Miedema"]
[Black "Brian Morris"]
[Result "0-1"]
[WhiteCountry "NED"]
[BlackCountry "WLS"]
[WhiteElo "854"]
[WhiteRD "63"]
[BlackElo "1098"]
[BlackRD "89"]
[GameID "457174"]

1. e4 e5 2. d3 a6 3. Nf3 Nc6 4. Be2 Bb4+ 5. Bd2 Qe7 6. O-O Bxd2 7. Qxd2 Qb4 8. a3 Qxd2 9. Nbxd2 Nf6 10. c3 O-O
11. b4 d5 12. Nb3 Nh5 13. Nh4 Nf4 14. Rae1 Bd7 15. Nc5 Bc8 16. g3 Nh3+ 17. Kg2 Ng5 18. exd5 Bh3+ 19. Kg1 Ne7 20. Ng2 Nxd5
21. Nxb7 Nxc3 22. Nc5 Bf5 23. Ne3 Nh3+ 24. Kg2 g6 25. Bf3 Rad8 26. Nxa6 Bxd3 27. Rh1 Ng5 28. Nxc7 e4 29. Bg4 h5 30. Rc1 Na2
31. Ra1 Nc3 32. Rhc1 Ne2 33. Bxe2 Bxe2 34. Ned5 Bf3+ 35. Kf1 Bg4 36. Nf6+ Kg7 37. Rc6 Bh3+ 38. Kg1 Nf3+ 39. Kh1= Ne5 40. Re1 Rd4
41. Nd7 Nf3 42. Rec1 Rxd7 43. Nb5 Rd2 44. a4 Rxf2 45. a5 Rxh2#
0-1